[Event "Mondiale Lampo FIDE 2019"]
[Site "Mosca"]
[Date "29.12.2019"]
[Round "7.96"]
[White "Sutovsky, Emil"]
[Black "Zarubitski, Viachaslau"]
[Result "1-0"]
[WhiteTitle "GM"]
[BlackTitle "IM"]
[WhiteElo "2643"]
[BlackElo "2451"]
[WhiteFideId "2802007"]
[BlackFideId "13509373"]
[EventDate "2019.12.29"]

1. e4 c5 2. Nf3 e6 3. Nc3 Nc6 4. Bb5 Nge7 5. O-O Nd4 6. Bd3 Nec6 7. Nxd4 cxd4 8.
Ne2 d5 9. c3 Be7 10. Qc2 Bf6 11. Nf4 dxe4 12. Bxe4 dxc3 13. dxc3 Bd7 14. Nh5 h6
15. Rd1 Qa5 16. Nxf6+ gxf6 17. b4 Qc7 18. Be3 f5 19. Bd3 f4 20. Bd2 O-O-O 21. b5
Ne5 22. Bf1 Nc4 23. Bc1 Bxb5 24. Rd4 Rxd4 25. cxd4 Rd8 26. a4 Ba6 27. Qe4 Rd5
28. Bxf4 Qd7 29. Rc1 Rxd4 30. Qe5 Kd8 31. Qh8+ Ke7 32. Bxh6 Qd5 33. Bg5+ Kd6 34.
Qf8+ Kc7 35. Be3 Re4 36. Bxa7 b6 37. Qb8+ Kd7 38. Bxb6 Qc6 39. Qd8# 1-0

[Event "Mondiale Lampo FIDE 2019"]
[Site "Mosca"]
[Date "29.12.2019"]
[Round "7.97"]
[White "Makoveev, Ilya"]
[Black "Mikhailovsky, Vladimir"]
[Result "1-0"]
[WhiteTitle "FM"]
[BlackTitle "CM"]
[WhiteElo "2277"]
[BlackElo "2209"]
[WhiteFideId "34155748"]
[BlackFideId "34105414"]
[EventDate "2019.12.29"]

1. e4 e5 2. Nf3 Nc6 3. Bc4 Bc5 4. O-O Nf6 5. d3 d6 6. a4 a6 7. c3 Be6 8. Nbd2 h6
9. Re1 Qd7 10. Nf1 Bxc4 11. dxc4 O-O 12. Ng3 Ne7 13. Qd3 Ng6 14. Nf5 Nh5 15. b4
Ba7 16. Qd1 Nhf4 17. Bxf4 exf4 18. c5 Rad8 19. Qd4 f6 20. Qd5+ Kh7 21. Qxb7 d5
22. c6 Qe6 23. Qxa7 dxe4 24. N3d4 Qd5 25. Qxc7 Rf7 26. Qb6 Ne5 27. Qc5 e3 28.
Qxd5 exf2+ 29. Kxf2 Rxd5 30. Rad1 g6 31. Nh4 Re7 32. h3 Kg7 33. Ndf5+ gxf5 34.
Nxf5+ Kf7 35. Rxd5 Rc7 36. Rexe5 fxe5 37. Rd7+ 1-0

[Event "Mondiale Lampo FIDE 2019"]
[Site "Mosca"]
[Date "29.12.2019"]
[Round "7.98"]
[White "Usov, Aleksandr E."]
[Black "Kryakvin, Dmitry"]
[Result "0-1"]
[BlackTitle "GM"]
[WhiteElo "2012"]
[BlackElo "2596"]
[WhiteFideId "24257109"]
[BlackFideId "4153278"]
[EventDate "2019.12.29"]

1. e4 c5 2. Nf3 d6 3. Bb5+ Bd7 4. Bxd7+ Qxd7 5. c4 Nf6 6. Nc3 g6 7. d4 cxd4 8.
Nxd4 Bg7 9. O-O O-O 10. Be3 Ng4 11. Qe2 Nxe3 12. Qxe3 Nc6 13. Nxc6 bxc6 14. b3
Qc7 15. Rfd1 Qb6 16. Qd3 Qa5 17. Rac1 Rab8 18. Rc2 Rfc8 19. g3 h5 20. h4 Bf6 21.
Kg2 Kg7 22. Ne2 Qc5 23. f4 a5 24. Nc3 Rd8 25. Na4 Qb4 26. Qe3 e6 27. Rcd2 Qa3
28. Qa7 Qb4 29. Qe3 Rbc8 30. Nb6 Rb8 31. Na4 Kh7 32. Qa7 Rb7 33. Qe3 Rbd7 34.
Nb6 Rb7 35. Na4 d5 36. cxd5 cxd5 37. exd5 Rxd5 38. Rxd5 exd5 39. Rxd5 Re7 40.
Qf3 Qe1 41. f5 Re2+ 42. Kh3 Rf2 43. fxg6+ Kg7 44. Qd1 Qe4 0-1

[Event "Mondiale Lampo FIDE 2019"]
[Site "Mosca"]
[Date "29.12.2019"]
[Round "7.99"]
[White "Faizrakhmanov, Ramil"]
[Black "Miranda Neto, Jayme Amorim"]
[Result "1-0"]
[WhiteTitle "IM"]
[BlackTitle "CM"]
[WhiteElo "2434"]
[BlackElo "2102"]
[WhiteFideId "24103209"]
[BlackFideId "2115964"]
[EventDate "2019.12.29"]

1. d4 Nf6 2. c4 e6 3. Nf3 d5 4. Nc3 Be7 5. Bg5 O-O 6. e3 b6 7. cxd5 Nxd5 8. Bxe7
Nxe7 9. Bd3 Nd5 10. Nxd5 Qxd5 11. Qc2 Qh5 12. Qxc7 Ba6 13. Bxa6 Qa5+ 14. Qc3
Qxa6 15. Qa3 Qb5 16. Qb3 Qa6 17. Ne5 Rc8 18. Qd3 Qa5+ 19. Qd2 Qb5 20. Nd3 Nd7
21. O-O h6 22. h3 Nf6 23. Rfc1 Ne4 24. Qd1 Qf5 25. Qe2 Qb5 26. Nf4 Qb4 27. f3
Ng3 28. Qf2 Nf5 29. Nd3 Qe7 30. e4 Nd6 31. b3 Nb5 32. a4 Nd6 33. Qd2 Qh4 34.
Rxc8+ Rxc8 35. Rc1 Rd8 36. Qf4 Qe7 37. Ne5 Rc8 38. Rxc8+ Nxc8 39. Nc6 Qd7 40.
Ne5 Qxd4+ 41. Kh2 f6 42. Ng4 Qd6 43. e5 Qc7 44. Qg3 f5 45. Ne3 Ne7 46. Nc4 Nd5
47. Nd6 Qe7 48. Qe1 Qg5 49. Qe2 f4 50. Qe1 Ne3 51. Qd2 Qg3+ 52. Kg1 Qg5 53. Ne4
Qxe5 54. Qd8+ Kh7 55. Qd3 Qa1+ 56. Kf2 Qb2+ 57. Nd2+ Kh8 58. Qd8+ Kh7 59. Qd3+
Kh8 60. g3 Nd1+ 61. Ke1 Nc3 62. gxf4 Qc1+ 63. Kf2 Nd5 64. Qd4 Qe1+ 1-0

[Event "Mondiale Lampo FIDE 2019"]
[Site "Mosca"]
[Date "29.12.2019"]
[Round "7.100"]
[White "Guimaraes, Diogo Duarte"]
[Black "Belousov, Danila"]
[Result "0-1"]
[WhiteTitle "FM"]
[BlackTitle "FM"]
[WhiteElo "2322"]
[BlackElo "2274"]
[WhiteFideId "2112450"]
[BlackFideId "4167350"]
[EventDate "2019.12.29"]

1. e4 d5 2. exd5 Qxd5 3. Nc3 Qd6 4. Nf3 Nf6 5. d4 Bg4 6. h3 Bh5 7. g4 Bg6 8. Ne5
Nbd7 9. Nb5 Qb6 10. Nc4 Qe6+ 11. Ne3 Qb6 12. g5 a6 13. Nc3 Ne4 14. Ned5 Qd6 15.
Bf4 e5 16. dxe5 Nxe5 17. Qe2 O-O-O 18. O-O-O Nxc3 19. Nxc3 Nd3+ 20. cxd3 Qxf4+
21. Qe3 Bd6 22. Be2 Rhe8 23. Bg4+ Kb8 24. Ne4 Be5 25. Kc2 h6 26. gxh6 f5 27. Bf3
Qxe3 28. fxe3 fxe4 29. Bxe4 Bxe4 30. dxe4 gxh6 31. Rd5 c6 32. Rd3 Kc7 33. Rf1
Rxd3 34. Kxd3 Bxb2 35. Rf7+ Kb6 36. Rh7 Re6 37. Rg7 Bxg7 0-1

[Event "Mondiale Lampo FIDE 2019"]
[Site "Mosca"]
[Date "29.12.2019"]
[Round "7.101"]
[White "Luukkonen, Tommi"]
[Black "Blohberger, Felix"]
[Result "0-1"]
[WhiteTitle "FM"]
[BlackTitle "IM"]
[WhiteElo "2290"]
[BlackElo "2434"]
[WhiteFideId "501808"]
[BlackFideId "1632051"]
[EventDate "2019.12.29"]

1. e4 c5 2. Nf3 d6 3. d4 cxd4 4. Nxd4 Nf6 5. Nc3 a6 6. h3 e6 7. g4 Nfd7 8. Be3
b5 9. a3 Bb7 10. Bg2 Nc6 11. f4 Rc8 12. O-O Be7 13. Qd2 O-O 14. Nce2 Qc7 15.
Nxc6 Qxc6 16. Nd4 Qc7 17. Qf2 Rfe8 18. a4 b4 19. g5 Bf8 20. Rad1 Nc5 21. f5 e5
22. Nb3 Nxe4 23. Qh4 Qxc2 24. Na5 Ba8 25. Rc1 Qe2 26. Rce1 Qd3 27. Bc1 d5 28.
Rd1 Qc2 29. g6 fxg6 30. fxg6 hxg6 31. Qg4 Qc5+ 32. Kh2 Qxa5 33. Qxg6 Qc7 34. Bh6
Qe7 35. Bxe4 dxe4 36. Bg5 Qe6 37. Qh5 Rc2+ 38. Kh1 e3+ 0-1

[Event "Mondiale Lampo FIDE 2019"]
[Site "Mosca"]
[Date "29.12.2019"]
[Round "7.103"]
[White "Masrahi, Abdulrahman A"]
[Black "Al Nhier, Hamoud"]
[Result "1/2-1/2"]
[WhiteTitle "CM"]
[BlackTitle "FM"]
[WhiteElo "1956"]
[BlackElo "1934"]
[WhiteFideId "21501564"]
[BlackFideId "21500045"]
[EventDate "2019.12.29"]

1. d4 Nf6 2. Nf3 e6 3. Bf4 d5 4. e3 Bd6 5. Bxd6 cxd6 6. Bb5+ Bd7 7. Bxd7+ Nbxd7
8. O-O Ne4 9. Nbd2 Ndf6 10. Nxe4 Nxe4 11. Nd2 Nxd2 12. Qxd2 Qb6 13. c3 O-O 14.
Qc2 Rfc8 15. Qb3 Qxb3 16. axb3 a6 17. h3 Rc6 18. Ra5 Rac8 19. b4 Rb6 20. Raa1
Rc7 1/2-1/2

[Event "Mondiale Lampo FIDE 2019"]
[Site "Mosca"]
[Date "29.12.2019"]
[Round "8.1"]
[White "Artemiev, Vladislav"]
[Black "Jobava, Baadur"]
[Result "1/2-1/2"]
[WhiteTitle "GM"]
[BlackTitle "GM"]
[WhiteElo "2731"]
[BlackElo "2604"]
[WhiteFideId "24101605"]
[BlackFideId "13601520"]
[EventDate "2019.12.29"]

1. Nf3 d5 2. e3 c6 3. b3 Bg4 4. h3 Bxf3 5. Qxf3 e6 6. Bb2 Nd7 7. c4 Ngf6 8. Qd1
g6 9. Nc3 Bg7 10. d4 O-O 11. Be2 Qe7 12. O-O Rfd8 13. Rc1 a6 14. Bf3 Nb6 15. Qe2
h5 16. g3 Nbd7 17. Rfd1 Nf8 18. Bg2 N8d7 19. Qc2 Nb6 20. Ne2 Nbd7 21. Nf4 Nb6
22. Nd3 Nbd7 23. Bc3 Qe8 24. Be1 Rdc8 25. a4 Rab8 26. Qe2 Nb6 27. Bb4 Bf8 28.
Bxf8 Qxf8 29. c5 Nbd7 30. b4 Qe7 31. Qb2 b6 32. cxb6 Nxb6 33. Ne5 Qb7 34. Qc2
Rc7 35. Nxg6 Nxa4 36. Nf4 Nb6 37. Qe2 Nbd7 38. Nxh5 Qxb4 39. Nxf6+ Nxf6 40. Qxa6
c5 41. dxc5 Rxc5 42. Rxc5 Qxc5 43. Qa1 Qe7 44. Qe5 Rc8 45. Qg5+ Kf8 46. Qh6+ Kg8
47. Bf3 Ne8 48. Rd4 Rc4 49. Rd1 Qf6 50. Qxf6 Nxf6 51. Kg2 Kg7 52. g4 Nd7 53. Kg3
Nc5 54. h4 Rc2 55. Rd4 Nb3 56. Rd3 Nc5 57. Rd1 Rb2 58. g5 Rb4 59. h5 f6 60. h6+
Kh7 61. gxf6 Kxh6 62. Rc1 Ne4+ 63. Bxe4 Rxe4 64. Rc7 Kg6 65. f7 Kg7 66. Kf3 Re5
67. Ke2 Rf5 68. Re7 e5 69. Rd7 d4 70. exd4 exd4 71. Rxd4 1/2-1/2

[Event "Mondiale Lampo FIDE 2019"]
[Site "Mosca"]
[Date "29.12.2019"]
[Round "8.2"]
[White "Carlsen, Magnus"]
[Black "Mamedyarov, Shakhriyar"]
[Result "1-0"]
[WhiteTitle "GM"]
[BlackTitle "GM"]
[WhiteElo "2872"]
[BlackElo "2772"]
[WhiteFideId "1503014"]
[BlackFideId "13401319"]
[EventDate "2019.12.29"]

1. Nf3 Nf6 2. c4 e6 3. Nc3 d5 4. d4 Nbd7 5. cxd5 exd5 6. Bg5 c6 7. Qc2 Be7 8. e3
O-O 9. Bd3 Re8 10. Bf4 Nf8 11. h3 Ng6 12. Bh2 Bd6 13. Bxd6 Qxd6 14. O-O-O b5 15.
Kb1 a5 16. g4 a4 17. g5 Nd7 18. h4 Nb6 19. h5 Nf8 20. Ne5 Nc4 21. Bxc4 bxc4 22.
a3 Rb8 23. Ka2 Rb3 24. Nxa4 Nd7 25. Nxd7 Bxd7 26. Nc5 Reb8 27. Rb1 g6 28. hxg6
fxg6 29. e4 Bg4 30. Rhe1 Qf4 31. Ka1 Rf3 32. Qa4 Qd2 33. exd5 c3 34. dxc6 cxb2+
35. Ka2 Bf5 36. c7 Rf8 37. Qc4+ Kh8 38. Ne6 Rxa3+ 39. Kxa3 Ra8+ 40. Kb3 1-0

[Event "Mondiale Lampo FIDE 2019"]
[Site "Mosca"]
[Date "29.12.2019"]
[Round "8.3"]
[White "Vidit, Santosh Gujrathi"]
[Black "Andreikin, Dmitry"]
[Result "1-0"]
[WhiteTitle "GM"]
[BlackTitle "GM"]
[WhiteElo "2721"]
[BlackElo "2724"]
[WhiteFideId "5029465"]
[BlackFideId "4158814"]
[EventDate "2019.12.29"]

1. d4 Nf6 2. c4 e6 3. Nc3 Bb4 4. f3 d5 5. a3 Bxc3+ 6. bxc3 c5 7. cxd5 Nxd5 8.
dxc5 Qa5 9. e4 Ne7 10. Be3 O-O 11. Qb3 Nd7 12. Bb5 Qc7 13. Bxd7 Bxd7 14. Ne2 e5
15. c4 Nc6 16. Rd1 Be6 17. Rd5 Na5 18. Qc3 b6 19. Rxe5 Nxc4 20. Rg5 f6 21. Nd4
Bf7 22. Nf5 Nxe3 23. Rxg7+ Kh8 24. Qxf6 Nc2+ 25. Kf2 Qxc5+ 26. Kg3 Qc7+ 27. e5
Be6 28. Rf7+ 1-0

[Event "Mondiale Lampo FIDE 2019"]
[Site "Mosca"]
[Date "29.12.2019"]
[Round "8.5"]
[White "Abdusattorov, Nodirbek"]
[Black "Karjakin, Sergey"]
[Result "1/2-1/2"]
[WhiteTitle "GM"]
[BlackTitle "GM"]
[WhiteElo "2635"]
[BlackElo "2754"]
[WhiteFideId "14204118"]
[BlackFideId "14109603"]
[EventDate "2019.12.29"]

1. e4 e5 2. Nf3 Nc6 3. Bb5 Nf6 4. d3 Bc5 5. c3 O-O 6. O-O d5 7. Nbd2 dxe4 8.
dxe4 a5 9. Qe2 Qe7 10. Nb3 Bb6 11. Be3 Bxe3 12. Qxe3 Nb8 13. a4 c6 14. Bc4 Nbd7
15. Rfd1 h6 16. Nh4 Ng4 17. Nf5 Qf6 18. Qg3 Nb6 19. Rd6 Qg5 20. Be2 Bxf5 21.
exf5 Nf6 22. Qxg5 hxg5 23. Nc5 Rab8 24. Rad1 Rfe8 25. g3 Kf8 26. R6d2 Ke7 27.
Nb3 Nxa4 28. Nxa5 Nc5 29. f3 e4 30. b4 Na4 31. Rc1 Red8 32. Rxd8 Kxd8 33. Bd1
Nb6 34. fxe4 Nbd7 35. Bb3 Ne5 36. Nc4 Nfd7 37. Nxe5 Nxe5 38. Kf1 Ke7 39. Ra1 Kd6
40. Ke2 Rh8 41. Rh1 f6 42. h4 gxh4 43. Rxh4 Rxh4 44. gxh4 b5 45. Ke3 c5 46.
bxc5+ Kxc5 47. Be6 Ng4+ 48. Kf3 Ne5+ 49. Kf4 Kb6 50. Ke3 Kc5 51. Kf4 Nd3+ 52.
Ke3 Ne5 53. Kf4 Kd6 54. Ke3 Kc5 55. Kf4 1/2-1/2

[Event "Mondiale Lampo FIDE 2019"]
[Site "Mosca"]
[Date "29.12.2019"]
[Round "8.6"]
[White "Matlakov, Maxim"]
[Black "Sargissian, Gabriel"]
[Result "1/2-1/2"]
[WhiteTitle "GM"]
[BlackTitle "GM"]
[WhiteElo "2699"]
[BlackElo "2689"]
[WhiteFideId "4168003"]
[BlackFideId "13300881"]
[EventDate "2019.12.29"]

1. d4 Nf6 2. c4 e6 3. Nf3 d5 4. Nc3 Be7 5. Bg5 h6 6. Bxf6 Bxf6 7. e3 O-O 8. Rc1
c6 9. Bd3 dxc4 10. Bxc4 Nd7 11. O-O e5 12. d5 Nb6 13. b3 Nxc4 14. bxc4 cxd5 15.
Nxd5 Be6 16. Qb3 Bxd5 17. cxd5 Qd7 18. e4 Rfc8 19. h3 Rxc1 20. Rxc1 Rc8 21. Rc2
Rc7 22. Nd2 Qc8 23. Rxc7 Qxc7 24. Nc4 Be7 25. Qb5 Kf8 26. d6 Bxd6 27. Qd5 Be7
28. Nxe5 Qc1+ 29. Kh2 Qf4+ 30. Kg1 Qc1+ 31. Kh2 1/2-1/2

[Event "Mondiale Lampo FIDE 2019"]
[Site "Mosca"]
[Date "29.12.2019"]
[Round "8.7"]
[White "Firouzja, Alireza"]
[Black "Fedoseev, Vladimir3"]
[Result "0-1"]
[WhiteTitle "GM"]
[BlackTitle "GM"]
[WhiteElo "2723"]
[BlackElo "2677"]
[WhiteFideId "12573981"]
[BlackFideId "24130737"]
[EventDate "2019.12.29"]

1. e4 e5 2. Nf3 Nc6 3. Bb5 Nf6 4. d3 d6 5. c4 Be7 6. O-O O-O 7. h3 Bd7 8. Nc3 h6
9. Be3 a6 10. Ba4 Re8 11. d4 exd4 12. Nxd4 Nxd4 13. Bxd4 Bxa4 14. Qxa4 Qd7 15.
Qb3 c5 16. Bxf6 Bxf6 17. Nd5 Bd8 18. Qd3 b5 19. b3 Rb8 20. f4 bxc4 21. bxc4 Qe6
22. Rae1 Rb2 23. e5 dxe5 24. Rxe5 Qc6 25. Rfe1 Rf8 26. Qe4 Qd6 27. Re8 Bh4 28.
Rxf8+ Qxf8 29. Rf1 Qd8 30. Qe5 Rxa2 31. Rb1 Kh7 32. Qf5+ Kg8 33. Qe5 Qd7 34. f5
Bf2+ 35. Kh2 Bd4 36. Qf4 Re2 37. Qg4 Re8 38. Rd1 Qd6+ 39. Kh1 Qe5 40. f6 g6 41.
Rf1 Qe6 42. Qf4 Qe2 43. Rb1 Qe1+ 44. Rxe1 Rxe1+ 0-1

[Event "Mondiale Lampo FIDE 2019"]
[Site "Mosca"]
[Date "29.12.2019"]
[Round "8.8"]
[White "Socko, Bartosz"]
[Black "Nepomniachtchi, Ian"]
[Result "1-0"]
[WhiteTitle "GM"]
[BlackTitle "GM"]
[WhiteElo "2618"]
[BlackElo "2767"]
[WhiteFideId "1107038"]
[BlackFideId "4168119"]
[EventDate "2019.12.29"]

1. d4 Nf6 2. c4 g6 3. Nf3 Bg7 4. g3 d5 5. cxd5 Nxd5 6. Bg2 Nb6 7. O-O Nc6 8. Nc3
O-O 9. d5 Na5 10. Qc2 c6 11. dxc6 Nxc6 12. Rd1 Bd7 13. Be3 Nc4 14. Bf4 Rc8 15.
Rac1 Nb6 16. Be3 Nc4 17. Bf4 Nb6 18. Qe4 Qe8 19. Be3 Be6 20. Qh4 f6 21. Bxb6
axb6 22. Nd4 Nxd4 23. Qxd4 Rc5 24. b4 f5 25. Qe3 Re5 26. Qxb6 f4 27. gxf4 1-0

[Event "Mondiale Lampo FIDE 2019"]
[Site "Mosca"]
[Date "29.12.2019"]
[Round "8.9"]
[White "Iturrizaga Bonelli, Eduardo"]
[Black "Yu, Yangyi"]
[Result "0-1"]
[WhiteTitle "GM"]
[BlackTitle "GM"]
[WhiteElo "2597"]
[BlackElo "2738"]
[WhiteFideId "3901211"]
[BlackFideId "8603820"]
[EventDate "2019.12.29"]

1. c4 c6 2. Nf3 d5 3. e3 Nf6 4. Nc3 g6 5. d4 Bg7 6. h3 O-O 7. Be2 Ne4 8. O-O b6
9. cxd5 cxd5 10. Bd2 Bb7 11. Rc1 Nc6 12. Bd3 Nxd2 13. Qxd2 e6 14. Qe2 Nb4 15.
Bb5 a6 16. Ba4 Qd6 17. Bb3 Rfc8 18. e4 dxe4 19. Nxe4 Qf4 20. Ned2 Bxd4 21. Nxd4
Qxd4 22. Nc4 Nd5 23. Rcd1 Qf6 24. Qe5 Qxe5 25. Nxe5 Rc7 26. g3 Rac8 27. h4 Kg7
28. Rfe1 b5 29. Nd3 a5 30. a3 h6 31. Ne5 g5 32. hxg5 0-1

[Event "Mondiale Lampo FIDE 2019"]
[Site "Mosca"]
[Date "29.12.2019"]
[Round "8.10"]
[White "Jakovenko, Dmitry"]
[Black "Duda, Jan-Krzysztof"]
[Result "0-1"]
[WhiteTitle "GM"]
[BlackTitle "GM"]
[WhiteElo "2698"]
[BlackElo "2758"]
[WhiteFideId "4122356"]
[BlackFideId "1170546"]
[EventDate "2019.12.29"]

1. e4 d5 2. exd5 Qxd5 3. Nc3 Qd8 4. d4 Nf6 5. Nf3 g6 6. h3 Bg7 7. Bc4 O-O 8. O-O
Nc6 9. Be3 b6 10. a3 Bb7 11. Qe2 e6 12. Rad1 Ne7 13. Ne5 a6 14. Bg5 h6 15. Bc1
Nf5 16. Be3 Nh4 17. f3 Nh5 18. Qf2 Nf5 19. Bc1 c5 20. dxc5 Qc7 21. Ng4 bxc5 22.
Ne2 Rad8 23. c3 Kh7 24. Ba2 a5 25. Bc4 Nd6 26. Ba2 Ba6 27. Rfe1 Nf5 28. Ne3 Be5
29. Nxf5 exf5 30. Rxd8 Rxd8 31. c4 a4 32. Qe3 Bg7 33. Kh1 Rd6 34. Nf4 Nxf4 35.
Qxf4 Qd7 36. Be3 g5 37. Qh2 Bxb2 38. Bxc5 Re6 39. Rb1 Be5 40. Qg1 Qd2 41. Rd1
Qxa2 42. Rd7 Qxc4 43. Rxf7+ Kg6 0-1

[Event "Mondiale Lampo FIDE 2019"]
[Site "Mosca"]
[Date "29.12.2019"]
[Round "8.11"]
[White "Vachier-Lagrave, Maxime"]
[Black "Dreev, Aleksey"]
[Result "0-1"]
[WhiteTitle "GM"]
[BlackTitle "GM"]
[WhiteElo "2780"]
[BlackElo "2677"]
[WhiteFideId "623539"]
[BlackFideId "4100107"]
[EventDate "2019.12.29"]

1. e4 c6 2. Nf3 d5 3. Nc3 Bg4 4. h3 Bxf3 5. Qxf3 e6 6. Be2 Nf6 7. O-O Be7 8. Rd1
d4 9. Nb1 c5 10. d3 Nc6 11. a4 O-O 12. Na3 Nd7 13. Qg3 Bh4 14. Qh2 e5 15. Bg4
Nb6 16. a5 Nc8 17. Nc4 Qe7 18. g3 Bg5 19. f4 Bh6 20. Bxc8 Raxc8 21. f5 Bxc1 22.
Rdxc1 Qg5 23. Rf1 Rcd8 24. Qf2 h5 25. Kh2 f6 26. Qf3 Ne7 27. Rf2 Nc8 28. Qe2 Nd6
29. Nd2 Rc8 30. Qf1 Kf7 31. Nf3 Qh6 32. b3 Ke7 33. Nh4 Kd7 34. Ng6 Rfe8 35. Kg2
Nb5 36. Qb1 a6 37. Qb2 Qe3 38. Raf1 Kc7 39. Kh2 Kb8 40. Qc1 Qxc1 41. Rxc1 Na7
42. Ra1 Nc6 43. g4 hxg4 44. hxg4 Nd8 45. Kg3 Nf7 46. Rh2 Ng5 47. Rah1 Kc7 48.
Rh5 Kc6 49. Ra1 Kb5 50. Ra4 Kc6 51. Rh1 Kd6 52. Rc4 Rc6 53. Rb1 Rec8 54. Kf2 Nf7
55. Ke2 Kd7 56. Kd2 Ng5 57. Rh1 Kd6 58. Kc1 R6c7 59. Kb2 Rc6 60. c3 R6c7 61.
cxd4 cxd4 62. Ka3 Rc5 63. Ka4 R5c7 64. Rhc1 Nf3 65. Kb4 Nd2 66. Ne7 Rxc4+ 67.
bxc4 Kxe7 68. Rc2 Nf3 69. Rf2 Ne1 0-1

[Event "Mondiale Lampo FIDE 2019"]
[Site "Mosca"]
[Date "29.12.2019"]
[Round "8.12"]
[White "Dubov, Daniil"]
[Black "Sakaev, Konstantin"]
[Result "1-0"]
[WhiteTitle "GM"]
[BlackTitle "GM"]
[WhiteElo "2690"]
[BlackElo "2596"]
[WhiteFideId "24126055"]
[BlackFideId "4104226"]
[EventDate "2019.12.29"]

1. c4 c6 2. Nf3 d5 3. g3 Nf6 4. Bg2 g6 5. b3 Bg7 6. Bb2 O-O 7. O-O b6 8. d3 Bb7
9. Nbd2 c5 10. cxd5 Qxd5 11. Nc4 Qd7 12. Nce5 Qd6 13. Rc1 Nc6 14. Nxc6 Bxc6 15.
b4 cxb4 16. Be5 Qd7 17. Bxf6 Bxf6 18. Ne5 Bxe5 19. Bxc6 Qd6 20. Bxa8 Rxa8 21.
Qa4 Bc3 22. a3 a5 23. axb4 Bxb4 24. Rc6 Qe5 25. Rxb6 Rd8 26. Qc2 1-0

[Event "Mondiale Lampo FIDE 2019"]
[Site "Mosca"]
[Date "29.12.2019"]
[Round "8.13"]
[White "Morozevich, Alexander"]
[Black "Quparadze, Giga"]
[Result "0-1"]
[WhiteTitle "GM"]
[BlackTitle "GM"]
[WhiteElo "2659"]
[BlackElo "2462"]
[WhiteFideId "4116992"]
[BlackFideId "13602250"]
[EventDate "2019.12.29"]

1. e4 c5 2. Nc3 e6 3. Nf3 a6 4. g3 b5 5. Bg2 Bb7 6. d3 d6 7. O-O Be7 8. a3 Nd7
9. Nd2 Qc7 10. f4 Ngf6 11. Qe2 Nb6 12. a4 b4 13. a5 Nbd7 14. Nd1 Nb8 15. e5 dxe5
16. Bxb7 Qxb7 17. fxe5 Nfd7 18. Qg4 O-O 19. Nc4 Kh8 20. Nf2 Nc6 21. Qe4 f5 22.
exf6 Nxf6 23. Qg2 Qc7 24. Bf4 e5 25. Be3 Rad8 26. Ne4 b3 27. c3 Rxd3 28. Nxf6
gxf6 29. Qe4 Rdd8 30. Rf5 Rf7 31. Raf1 Qd7 32. R1f2 Qe6 33. Kg2 Qd5 34. Qxd5
Rxd5 35. Kf3 Bd8 36. Ke4 Rfd7 37. g4 Rd1 38. h4 Rg1 39. Kf3 e4+ 40. Kxe4 Rxg4+
41. R2f4 Rg2 42. Bxc5 Nxa5 43. Nxa5 Bxa5 44. Rxf6 Bc7 45. Rf2 Rg4+ 46. Ke3 Kg7
47. Bd4 Rg3+ 48. Ke4 Rg4+ 49. R6f4+ Rxd4+ 50. cxd4 Bxf4 51. Rxf4 Rg2 52. d5 Rxb2
53. Ke5 a5 54. d6 Re2+ 55. Kd5 Rd2+ 56. Ke6 b2 57. Rf1 a4 58. d7 a3 0-1

[Event "Mondiale Lampo FIDE 2019"]
[Site "Mosca"]
[Date "29.12.2019"]
[Round "8.14"]
[White "Motylev, Alexander"]
[Black "Tari, Aryan"]
[Result "1/2-1/2"]
[WhiteTitle "GM"]
[BlackTitle "GM"]
[WhiteElo "2640"]
[BlackElo "2634"]
[WhiteFideId "4121830"]
[BlackFideId "1510045"]
[EventDate "2019.12.29"]

1. e4 e5 2. Nf3 Nc6 3. Bb5 a6 4. Ba4 Nf6 5. Nc3 b5 6. Bb3 Bc5 7. O-O d6 8. Nd5
O-O 9. d3 h6 10. c3 Rb8 11. d4 Ba7 12. Be3 Nxe4 13. Bc2 Bf5 14. dxe5 Bxe3 15.
Nxe3 Bh7 16. exd6 Qxd6 17. Bxe4 Bxe4 18. Qxd6 cxd6 19. Nd2 Bg6 20. Rfd1 Ne5 21.
Nb3 Nc4 22. Nd5 Nxb2 23. Ne7+ Kh7 24. Nxg6 fxg6 25. Rxd6 Na4 26. Rxa6 Nxc3 27.
Rc6 Rfc8 28. Rxc8 Rxc8 29. Kf1 b4 30. a4 bxa3 31. Rxa3 Rd8 32. g3 Nb5 33. Ra1
Rd3 34. Nc5 Rd5 35. Ne6 Re5 36. Nf8+ Kg8 37. Nxg6 Re8 38. h4 Nd6 39. Ra5 Kf7 40.
h5 Kf6 41. Ra6 Rd8 42. Nf4 Rd7 43. Kg2 Kf7 44. Kf3 Nf5 45. g4 Nd4+ 46. Ke4 Nb5
47. Nd3 Nc3+ 48. Ke3 Nd1+ 49. Ke2 Nc3+ 50. Ke3 Nd1+ 51. Ke2 Nc3+ 52. Ke3 1/2-1/2

[Event "Mondiale Lampo FIDE 2019"]
[Site "Mosca"]
[Date "29.12.2019"]
[Round "8.15"]
[White "Golubov, Saveliy"]
[Black "Mamedov, Rauf"]
[Result "0-1"]
[WhiteTitle "IM"]
[BlackTitle "GM"]
[WhiteElo "2469"]
[BlackElo "2659"]
[WhiteFideId "24176729"]
[BlackFideId "13401653"]
[EventDate "2019.12.29"]

1. d4 d5 2. Nf3 Nf6 3. c3 g6 4. Bg5 Bg7 5. Nbd2 O-O 6. e3 c5 7. dxc5 a5 8. a4
Nbd7 9. Nb3 Qc7 10. Bxf6 Nxf6 11. Be2 Rd8 12. Nfd4 Bd7 13. O-O Ne4 14. Bb5 e5
15. Nf3 Bxb5 16. axb5 a4 17. Nc1 Nxc5 18. Qe2 Ne4 19. Na2 a3 20. Nb4 axb2 21.
Qxb2 Qxc3 22. Qxc3 Nxc3 23. Nd2 Bf8 24. Nd3 e4 25. Nf4 Bd6 26. Rxa8 Rxa8 27. Rc1
Bxf4 28. Rxc3 d4 29. Rb3 Ra1+ 30. Rb1 Rxb1+ 31. Nxb1 dxe3 32. Kf1 exf2 33. Kxf2
f5 34. Nc3 Kf7 35. Nd5 Bd6 36. h3 Ke6 37. Nc3 Be5 38. Na4 Kd5 39. Nb6+ Kd4 40.
Ke2 Bd6 41. Nd7 Kc4 42. b6 Kd5 43. Nf6+ Kc6 44. Nxh7 Be7 45. h4 Kxb6 46. Ke3 Kc5
47. Kf4 b5 48. h5 gxh5 49. Kxf5 b4 50. Kxe4 Kc4 0-1

[Event "Mondiale Lampo FIDE 2019"]
[Site "Mosca"]
[Date "29.12.2019"]
[Round "8.16"]
[White "Tomashevsky, Evgeny"]
[Black "Svidler, Peter"]
[Result "1/2-1/2"]
[WhiteTitle "GM"]
[BlackTitle "GM"]
[WhiteElo "2705"]
[BlackElo "2723"]
[WhiteFideId "4147235"]
[BlackFideId "4102142"]
[EventDate "2019.12.29"]

1. c4 e5 2. g3 Nf6 3. Bg2 Nc6 4. Nc3 Bc5 5. d3 h6 6. Nf3 d6 7. O-O a6 8. a3 O-O
9. b4 Ba7 10. e3 Bf5 11. h3 Qd7 12. Kh2 Rab8 13. Bb2 b5 14. Nd5 Nxd5 15. cxd5
Ne7 16. Rc1 Bh7 17. Qb3 Bb6 18. Nd2 Kh8 19. d4 f6 20. dxe5 fxe5 21. Ne4 Bg8 22.
Rfd1 Qe8 23. Rd2 Qg6 24. Qd1 Nf5 25. Qg4 Bh7 26. Qxg6 Bxg6 27. Nc3 Ne7 28. a4 a5
29. Nxb5 axb4 30. Nxc7 Rbc8 31. Ne6 Rfe8 32. Rdd1 Bc2 33. Rd2 Bxa4 34. Ra1 Ra8
35. Be4 Bb5 36. Rdd1 b3 37. Ra3 Bc4 38. Rda1 Rxa3 39. Rxa3 Nxd5 40. Ra4 Nxe3 41.
Nxg7 Kxg7 42. fxe3 Bf7 43. Rb4 Bxe3 44. Rb7 Kf6 45. Ba3 Bc5 46. Bc1 Rc8 47. Bxh6
Bd4 48. h4 b2 49. Bg5+ Ke6 50. g4 Rc1 51. Bf5+ Kd5 52. Rxf7 b1=Q 53. Bxb1 1/2-1/2